000 00707cam a22002533a 4500
001 8141
003 PGUSA
005 20140828083153.0
008 050501s2005||||xxu|||||s|||||000 1 eng d
040 _aPGUSA
_beng
042 _adc
050 4 _aPS
100 1 _aFranklin, Edgar,
_d1879-1958
245 1 0 _aMr. Hawkins' Humorous Adventures
_h[electronic resource] /
_cEdgar Franklin
260 _bProject Gutenberg,
_c2005
506 _aPublic domain in the USA.
516 _aElectronic text
653 _aInventors -- Fiction
653 _aNeighbors -- Fiction
653 _aHumorous stories
830 0 _aProject Gutenberg
_v8141
856 4 0 _uhttp://www.gutenberg.org/ebooks/8141
942 _cEB
999 _c237441
_d237441